000 02952cam a2200337 a 4500
003 EG-GiCUC
005 20250223032823.0
008 211003s2021 ua f m 000 0 eng d
040 _aEG-GiCUC
_beng
_cEG-GiCUC
041 0 _aeng
049 _aDeposite
097 _aM.Sc
099 _aCai01.17.01.M.Sc.2021.Da.K
100 0 _aDalia Hussein Seif
245 1 0 _aKnowledge and attitude of graduates ' nursing technical school toward bio-psychosocial needs of elderly /
_cDalia Hussein Seif ; Supervised Nagat Said Habib , Inas Helmy Elshair
246 1 5 _aمعارف واتجاهات خريجات المدرسة الفنية للتمريض تجاه الاحتياجات الجسمانية والنفسية والاجتماعية للمسنين
260 _aCairo :
_bDalia Hussein Seif ,
_c2021
300 _a168 , (55) Leaves ;
_c30cm
502 _aThesis (M.Sc.) - Cairo University - Faculty of Nursing - Department of Community Health Nursing
520 _aBackground: graduates nurses are increasingly in demand for improving and providing life services among the elderly. Having substantial knowledge and positive attitude towards ageing will be a key step towards better care giving. Aim: This study aimed to assess knowledge and attitude of graduates' technical nursing school toward bio-psychosocial needs of elderly. Subjects and Methods: A descriptive research design was used via demographic self administered questionnaire and Kogan Attitude toward Older People Scale (KAOPS), it was completed by 200 graduates technical nurses from Cairo university hospital and El Qasr El Ainy new educational hospital using a convenient sampling technique. Results: Forty eight percent of the study subjects had average level of total knowledge score. In addition, 40% had neutral level of total attitude score. A highly statistically significant positive relation was found between the study subjects' total level of knowledge and their total level of attitude, p=0.000 and X2 =31.648. In addition, statistically significant positive relations were found between total knowledge score & total attitude score and the study subjects' age, previous experience, having elderly person within family and prefer working in geriatric services. Conclusion: almost half of the study subjects had average level of total knowledge and more than third of them had neutral attitude toward needs of elderly. Recommendations: A specific training program is needed, in order to give a chance for graduates' nurses to improve their knowledge and enhance their attitude toward Bio-psychosocial needs of elderly
530 _aIssued also as CD
653 4 _aAttitude
653 4 _aGraduates' Nursing
653 4 _aKnowledge
700 0 _aInas Helmy Elshair ,
_eSupervisor
700 0 _aNagat Said Habib ,
_eSupervisor
856 _uhttp://172.23.153.220/th.pdf
905 _aNazla
_eRevisor
905 _aShimaa
_eCataloger
942 _2ddc
_cTH
999 _c82393
_d82393